| 000 | 00417nam a2200145 a 4500 | ||
|---|---|---|---|
| 001 | 2013 | ||
| 003 | CDMR | ||
| 005 | 20130807112303.0 | ||
| 008 | 130130s1996||||||||||||||||||||||||||||d | ||
| 040 |
_aCDMR _bcat _cCPC LLEIDA |
||
| 100 | 1 |
_aBlanco Felip, Luis Ángel _91500 |
|
| 245 | 1 | 3 |
_aLa evaluación, más proceso que producto _cBLANCO FELIP, Luis Ángel |
| 260 |
_aLleida _c1996 _bUniversitat de Lleida |
||
| 942 |
_cMON _2udc |
||
| 999 |
_c2013 _d2013 |
||